Il problema religioso del rinascimento
Na minha lista:
| Autor principal: | |
|---|---|
| Formato: | Livro |
| Idioma: | Língua italiana |
| Publicado em: |
Florencia
Felice le Monnier
1952
|
| Assuntos: | |
| Tags: |
Adicionar Tag
Sem tags, seja o primeiro a adicionar uma tag!
|
MARC
| LEADER | 00000nam a2200000 a 4500 | ||
|---|---|---|---|
| 001 | UCP9968 | ||
| 003 | CL-VaPUC | ||
| 008 | 000407e19520000IT |||||||||||||||||ita|d | ||
| 082 | 0 | 4 | |a 940.21 |b ANG |2 21 |
| 100 | 0 | |a Angeleri, Carlo |e author |9 440966 | |
| 245 | 1 | 3 | |a Il problema religioso del rinascimento |
| 300 | |a 219 p | ||
| 942 | |c BK | ||
| 945 | |d 20000407 00:00:00 |a rherrera | ||
| 260 | |a Florencia |b Felice le Monnier |c 1952 | ||
| 650 | 0 | |a Historia de Europa |9 392003 | |
| 650 | 0 | |a Renacimiento |9 255107 | |
| 650 | 0 | |a Religión |9 255164 | |
| 650 | 0 | |a Crítica e interpretación |9 255042 | |
| 651 | 0 | |a Europa |9 255156 | |
| 583 | |a last modification |c 20000407 00:00:00 |k Rodrigo Vera | ||
| 999 | |c 286748 |d 286746 | ||
| 952 | |0 0 |1 0 |4 0 |6 940_210000000000000_ANG_1952 |7 0 |8 A |9 332860 |a BIBHIS |b BIBHIS |d 2019-11-20 |i 1263714 |o 940.21 ANG 1952 |p 1263714 |r 2025-01-20 |w 2019-11-20 |y BK |k HIS | ||